[Event "SVK-chT3B2 1516"]
[Site "Slovakia"]
[Date "2015.10.11"]
[Round "1.3"]
[White "Jakubec, Milan"]
[Black "Marko, Martin"]
[Result "1-0"]
[WhiteElo "2054"]
[BlackElo "1862"]
[PlyCount "105"]
[EventDate "2015.10.11"]
[EventType "team-tourn"]
[EventRounds "11"]
[EventCountry "SVK"]
[SourceTitle "CBM 170 Extra"]
[Source "ChessBase"]
[SourceDate "2016.02.25"]
[SourceVersion "1"]
[SourceVersionDate "2016.02.25"]
[SourceQuality "1"]
[WhiteTeam "Myjava Spartak"]
[BlackTeam "Prievidza II"]
[WhiteTeamCountry "SVK"]
[BlackTeamCountry "SVK"]

1. e4 c6 2. d4 d5 3. exd5 cxd5 4. Nf3 Nf6 5. Be2 Nc6 6. 0-0 Bf5 7. c3 e6 8. Qb3 Qc7 9. Bf4 Qb6 10. Qxb6 axb6 11. Bb5 Ne4 12. Ne5 Rc8 13. g4 Bg6 14. Na3 Bxa3 15. bxa3 Nxc3 16. Bxc6+ bxc6 17. Kg2 f6 18. Nxg6 hxg6 19. Rfe1 Kd7 20. Re3 Nb5 21. a4 Nxd4 22. Rb1 e5 23. Bg3 b5 24. f4 e4 25. Rd1 Nc2 26. Rc3 Nb4 27. Rb1 c5 28. a3 d4 29. Rcb3 bxa4 30. R3b2 Nd5 31. f5 d3 32. Rb7+ Kd8 33. Be1 e3 34. Ba5+ Ke8 35. Kf3 Rxh2 36. Ke4 Ne7 37. Kxd3 e2 38. fxg6 c4+ 39. Ke4 Nc6 40. Bc3 Kf8 41. Rf7+ Kg8 42. Rbb7 Re8+ 43. Kd5 Ne5 44. Rxg7+ Kh8 45. g5 f5 46. Rge7 Rxe7 47. Rxe7 e1Q 48. Bxe1 Nxg6 49. Bc3+ Kg8 50. Rg7+ Kf8 51. Rxg6 Ke7 52. Rf6 Rf2 53. Kxc4 1-0

[Event "SM-2013-0-00280"]
[Site "LSS email"]
[Date "2013.12.11"]
[Round "?"]
[White "Marko, Martin"]
[Black "Delgado, Raul Alejandro"]
[Result "1/2-1/2"]
[WhiteElo "2238"]
[BlackElo "2080"]
[PlyCount "43"]
[EventDate "2013.11.21"]
[EventType "tourn (corr)"]
[EventRounds "6"]
[EventCountry "GER"]
[SourceTitle "Corr 2015"]
[Source "ChessBase"]
[SourceDate "2015.07.17"]
[SourceVersion "1"]
[SourceVersionDate "2015.07.17"]
[SourceQuality "1"]

1. c4 Nf6 2. Nc3 g6 3. g3 Bg7 4. Bg2 0-0 5. Nf3 d6 6. 0-0 e5 7. d4 Nbd7 8. dxe5 dxe5 9. Qc2 Qe7 10. Rd1 c6 11. h3 Ne8 12. e4 Nc7 13. Rb1 Ne6 14. b3 Rd8 15. Be3 Ndf8 16. Rxd8 Qxd8 17. Rd1 Nd4 18. Nxd4 exd4 19. f4 c5 20. Bf2 Rb8 21. Nd5 Be6 22. Re1 1/2-1/2

[Event "CP-2013-P-00005"]
[Site "LSS email"]
[Date "2013.09.30"]
[Round "?"]
[White "Marko, Martin"]
[Black "Malyszek, Tomasz"]
[Result "1-0"]
[WhiteElo "2303"]
[BlackElo "1004"]
[PlyCount "35"]
[EventDate "2013.10.01"]
[EventType "tourn (corr)"]
[EventRounds "6"]
[EventCountry "GER"]
[SourceTitle "Corr 2022"]
[Source "ChessBase"]
[SourceDate "2021.10.24"]
[SourceVersion "1"]
[SourceVersionDate "2021.10.24"]
[SourceQuality "1"]

1. c4 e5 2. Nc3 Nf6 3. g3 Bc5 4. Bg2 c6 5. e3 d5 6. cxd5 cxd5 7. d4 exd4 8. exd4 Qe7+ 9. Nge2 Bb4 10. 0-0 Bxc3 11. Nxc3 0-0 12. Bg5 Be6 13. f4 h6 14. Bxf6 Qxf6 15. f5 Bxf5 16. Nxd5 Qg5 17. Rxf5 Qxf5 18. Ne7+ 1-0

[Event "SM-2013-0-00266"]
[Site "LSS email"]
[Date "2013.08.20"]
[Round "?"]
[White "Marko, Martin"]
[Black "Lovakovic, Franjo"]
[Result "1/2-1/2"]
[WhiteElo "2301"]
[BlackElo "2383"]
[PlyCount "75"]
[EventDate "2013.07.30"]
[EventType "tourn (corr)"]
[EventRounds "6"]
[EventCountry "GER"]
[SourceTitle "Corr 2022"]
[Source "ChessBase"]
[SourceDate "2021.10.24"]
[SourceVersion "1"]
[SourceVersionDate "2021.10.24"]
[SourceQuality "1"]

1. c4 e5 2. Nc3 Nc6 3. g3 Bc5 4. Bg2 d6 5. e3 Nge7 6. a3 a6 7. b4 Ba7 8. Bb2 0-0 9. Nge2 Bg4 10. Qc2 Qd7 11. 0-0 Bf5 12. Qb3 Bh3 13. Bxh3 Qxh3 14. Rac1 Rac8 15. f4 Nf5 16. Ne4 Qh5 17. Rf2 Nh6 18. Rg2 Ng4 19. c5 Rcd8 20. N2c3 Rd7 21. Rf1 Rfd8 22. b5 axb5 23. cxd6 cxd6 24. Nd5 Kh8 25. Qxb5 f6 26. a4 h6 27. Bc3 Kh7 28. f5 Ne7 29. Nxe7 Rxe7 30. Bb4 Red7 31. Ba5 b6 32. Bxb6 Rb7 33. a5 Bxb6 34. axb6 Rdb8 35. Qe2 Qh3 36. Nxd6 Rxb6 37. Ne4 Rb2 38. Nc5 1/2-1/2

[Event "SM-2013-0-00266"]
[Site "LSS email"]
[Date "2013.08.20"]
[Round "?"]
[White "Narkun, Michal"]
[Black "Marko, Martin"]
[Result "1/2-1/2"]
[WhiteElo "2308"]
[BlackElo "2301"]
[PlyCount "37"]
[EventDate "2013.07.30"]
[EventType "tourn (corr)"]
[EventRounds "6"]
[EventCountry "GER"]
[SourceTitle "Corr 2022"]
[Source "ChessBase"]
[SourceDate "2021.10.24"]
[SourceVersion "1"]
[SourceVersionDate "2021.10.24"]
[SourceQuality "1"]

1. d4 c6 2. c4 d5 3. Nf3 Nf6 4. e3 e6 5. Nbd2 h6 6. Be2 Nbd7 7. 0-0 Bd6 8. b3 b6 9. Bb2 Bb7 10. Ne5 Rc8 11. f4 0-0 12. Rf3 c5 13. Rg3 cxd4 14. exd4 dxc4 15. bxc4 Bb4 16. Bd3 Bxd2 17. Qxd2 Ne4 18. Bxe4 Bxe4 19. Rc1 1/2-1/2

[Event "SM-2013-0-00263"]
[Site "LSS email"]
[Date "2013.08.02"]
[Round "?"]
[White "Lovakovic, Franjo"]
[Black "Marko, Martin"]
[Result "1/2-1/2"]
[WhiteElo "2390"]
[BlackElo "2300"]
[PlyCount "61"]
[EventDate "2013.06.19"]
[EventType "tourn (corr)"]
[EventRounds "6"]
[EventCountry "GER"]
[SourceTitle "Corr 2022"]
[Source "ChessBase"]
[SourceDate "2021.10.24"]
[SourceVersion "1"]
[SourceVersionDate "2021.10.24"]
[SourceQuality "1"]

1. e4 c6 2. d4 d5 3. Nd2 dxe4 4. Nxe4 Nd7 5. Nf3 Ngf6 6. Ng3 e6 7. Bc4 Bd6 8. 0-0 Qc7 9. Qe2 0-0 10. Ne4 Nxe4 11. Qxe4 Rd8 12. Bg5 Re8 13. Bd3 Nf8 14. Rfe1 f6 15. Be3 b6 16. Qg4 Bb7 17. Rad1 c5 18. dxc5 Bxc5 19. Bxc5 Qxc5 20. c3 Rad8 21. Nd4 Kh8 22. Bc2 a6 23. Rd3 Re7 24. b4 Qc8 25. Rde3 Bd5 26. Bb3 Bxb3 27. axb3 b5 28. f4 h6 29. h3 Rde8 30. Kh1 Rc7 31. Qg3 1/2-1/2

[Event "SM-2013-0-00263"]
[Site "LSS email"]
[Date "2013.08.02"]
[Round "?"]
[White "Marko, Martin"]
[Black "Pepermans, Toon"]
[Result "1/2-1/2"]
[WhiteElo "2300"]
[BlackElo "2365"]
[PlyCount "57"]
[EventDate "2013.06.19"]
[EventType "tourn (corr)"]
[EventRounds "6"]
[EventCountry "GER"]
[SourceTitle "Corr 2022"]
[Source "ChessBase"]
[SourceDate "2021.10.24"]
[SourceVersion "1"]
[SourceVersionDate "2021.10.24"]
[SourceQuality "1"]

1. c4 e5 2. Nc3 Nf6 3. g3 d5 4. cxd5 Nxd5 5. Bg2 Nb6 6. Nf3 Nc6 7. 0-0 Be7 8. d3 0-0 9. a3 Be6 10. b4 a5 11. b5 Nd4 12. Bb2 Nb3 13. Rb1 f6 14. Nd2 Nxd2 15. Qxd2 Nc4 16. Qc1 Nxb2 17. Qxb2 Rb8 18. Rfc1 c6 19. a4 Kh8 20. bxc6 bxc6 21. Qxb8 Qxb8 22. Rxb8 Rxb8 23. Bxc6 Rc8 24. Bb7 Rc7 25. Ba6 Rc6 26. Bb7 Rc7 27. Ba6 Rc6 28. Bb5 Rc8 29. Ba6 1/2-1/2

[Event "SM-2013-0-00246"]
[Site "LSS email"]
[Date "2013.03.26"]
[Round "?"]
[White "Marko, Martin"]
[Black "Danzanvilliers, Patrice"]
[Result "1-0"]
[WhiteElo "2238"]
[BlackElo "2205"]
[PlyCount "117"]
[EventDate "2013.02.25"]
[EventType "tourn (corr)"]
[EventRounds "6"]
[EventCountry "GER"]
[SourceTitle "Telechess CBM 167"]
[Source "ChessBase"]
[SourceDate "2015.07.13"]
[SourceVersion "1"]
[SourceVersionDate "2015.07.13"]
[SourceQuality "1"]

1. c4 e5 2. Nc3 d6 3. g3 f5 4. d4 Be7 5. Bh3 Nf6 6. Nf3 e4 7. Nh4 g6 8. Ng2 0-0 9. Nf4 c6 10. Bf1 Bd7 11. h4 Na6 12. Nh3 Be6 13. Bh6 Re8 14. e3 Ng4 15. Bg5 c5 16. Be2 cxd4 17. Bxe7 Qxe7 18. Qxd4 Nb4 19. 0-0-0 Rac8 20. Kb1 Red8 21. Nd5 Bxd5 22. cxd5 Nc2 23. Qxa7 Rc5 24. Qb6 Rdc8 25. Rd2 Qd7 26. h5 g5 27. h6 Qe7 28. a4 Ne5 29. Nxg5 Nd7 30. Qb3 Qxg5 31. Bd1 Ne1 32. Rxe1 Rc1+ 33. Ka2 Nc5 34. Qb5 Qxh6 35. Rc2 Nd3 36. Rxc1 Nxc1+ 37. Kb1 Nd3 38. Rf1 Rc5 39. Qb6 Rc1+ 40. Ka2 Qg7 41. Be2 Qd7 42. Ka3 Rc4 43. b3 Rc2 44. Bxd3 exd3 45. Rd1 Rxf2 46. Rxd3 Rc2 47. Rd4 Qe7 48. Rc4 Rxc4 49. bxc4 h5 50. a5 Kf7 51. Ka4 Kg6 52. Qd4 Qe8+ 53. Kb4 Qe7 54. Kb5 Qd8 55. Qc3 Qc7 56. c5 Qf7 57. Qd4 dxc5 58. Qxc5 Kg5 59. d6 1-0

[Event "SM-2013-0-00245"]
[Site "LSS email"]
[Date "2013.03.16"]
[Round "?"]
[White "Lovakovic, Franjo"]
[Black "Marko, Martin"]
[Result "1/2-1/2"]
[WhiteElo "2282"]
[BlackElo "2250"]
[PlyCount "57"]
[EventDate "2013.02.22"]
[EventType "tourn (corr)"]
[EventRounds "6"]
[EventCountry "GER"]
[SourceTitle "Telechess CBM 163"]
[Source "ChessBase"]
[SourceDate "2014.11.11"]
[SourceVersion "2"]
[SourceVersionDate "2014.11.11"]
[SourceQuality "1"]

1. e4 c6 2. d4 d5 3. Nc3 dxe4 4. Nxe4 Nd7 5. Nf3 Ngf6 6. Ng3 e6 7. Bd3 c5 8. 0-0 Qc7 9. Re1 Be7 10. c4 cxd4 11. Nxd4 0-0 12. Nb5 Qc6 13. Bf4 a6 14. Nc7 Ra7 15. Nd5 exd5 16. Rxe7 dxc4 17. Be2 Nd5 18. Bf3 Qf6 19. Bxd5 Qxe7 20. Bd6 Qd8 21. Bxf8 Qxf8 22. a4 Nc5 23. Bxc4 a5 24. Qd4 b6 25. Re1 Rd7 26. Qe3 Rd6 27. Ne4 Nxe4 28. Qxe4 Be6 29. g3 1/2-1/2

[Event "SM-2013-0-00245"]
[Site "LSS email"]
[Date "2013.03.16"]
[Round "?"]
[White "Marko, Martin"]
[Black "Steinke, Ruediger"]
[Result "1/2-1/2"]
[WhiteElo "2250"]
[BlackElo "2213"]
[PlyCount "159"]
[EventDate "2013.02.22"]
[EventType "tourn (corr)"]
[EventRounds "6"]
[EventCountry "GER"]
[SourceTitle "Telechess CBM 163"]
[Source "ChessBase"]
[SourceDate "2014.11.11"]
[SourceVersion "2"]
[SourceVersionDate "2014.11.11"]
[SourceQuality "1"]

1. c4 g6 2. Nc3 Bg7 3. g3 e5 4. Bg2 d6 5. b4 Ne7 6. Rb1 a6 7. Qa4+ Nbc6 8. b5 Nd4 9. e3 Ne6 10. b6+ c6 11. Ba3 f5 12. h4 h5 13. Qc2 0-0 14. Qd3 d5 15. cxd5 e4 16. Qc2 Bxc3 17. Qxc3 Nxd5 18. Qb3 Re8 19. Bf1 Nf8 20. Bc4 Be6 21. Bxf8 Kxf8 22. Nh3 Qe7 23. Ng5 Bg8 24. 0-0 Rad8 25. Rfd1 Nf6 26. Bxg8 Nxg8 27. d3 exd3 28. Rxd3 Rxd3 29. Qxd3 Nf6 30. Rd1 Nd5 31. Qb3 Kg8 32. Qc4 Qd6 33. a4 a5 34. Rd4 Re5 35. Qd3 Qf8 36. e4 fxe4 37. Rxe4 Qf5 38. Qd4 Rxe4 39. Nxe4 Qe6 40. Ng5 Qf5 41. Kg2 Qf6 42. Qe4 Nxb6 43. Qe1 Nd7 44. Qxa5 b6 45. Qa8+ Kg7 46. Qe8 Ne5 47. f4 Nc4 48. Qe4 Na5 49. Qd3 c5 50. Qd7+ Kg8 51. Ne6 Qb2+ 52. Kh3 Qf6 53. Qe8+ Kh7 54. Ng5+ Kh6 55. Nf7+ Kg7 56. Ne5 Nb3 57. Kh2 Nd4 58. Qd7+ Kg8 59. Qc8+ Kg7 60. a5 bxa5 61. Qxc5 Nf5 62. Qxa5 Qe6 63. Qd2 Kh7 64. Qb2 Kg8 65. Qc2 Kh7 66. Qc7+ Kg8 67. Qd8+ Kg7 68. Qd7+ Qxd7 69. Nxd7 Kf7 70. Kg2 Ke6 71. Ne5 Kf6 72. Kf3 Nd4+ 73. Ke3 Nf5+ 74. Kf2 Nd4 75. Nf3 Nxf3 76. Kxf3 Kf5 77. Ke3 Kg4 78. Kf2 Kf5 79. Kf3 Kf6 80. Ke4 1/2-1/2

[Event "SVK-chT3B2 1213"]
[Site "Slovakia"]
[Date "2012.11.25"]
[Round "3.5"]
[White "Kralik, Richard"]
[Black "Marko, Martin"]
[Result "0-1"]
[WhiteElo "1498"]
[BlackElo "1768"]
[PlyCount "120"]
[EventDate "2012.10.28"]
[EventType "team-tourn"]
[EventRounds "14"]
[EventCountry "SVK"]
[SourceTitle "EXT 2022"]
[Source "ChessBase"]
[SourceDate "2021.10.06"]
[SourceVersion "1"]
[SourceVersionDate "2021.10.06"]
[SourceQuality "1"]
[WhiteTeam "Podhradie Povazske"]
[BlackTeam "Prievidza SK III"]
[WhiteTeamCountry "SVK"]
[BlackTeamCountry "SVK"]

1. e4 c6 2. d4 d5 3. e5 Bf5 4. c4 e6 5. Nc3 Bb4 6. a3 Bxc3+ 7. bxc3 Ne7 8. Bg5 Qa5 9. Qb3 b6 10. Bd2 Nd7 11. cxd5 Qxd5 12. Qxd5 Nxd5 13. Nf3 h6 14. Bc4 Ne7 15. h3 c5 16. Be3 cxd4 17. cxd4 0-0 18. 0-0 Rac8 19. Rac1 Be4 20. Nd2 Bb7 21. Rc2 Rc7 22. Rfc1 Rfc8 23. Bb3 Rxc2 24. Rxc2 Nc6 25. Ba4 a6 26. Bxc6 Rxc6 27. Rxc6 Bxc6 28. Nc4 Bd5 29. Nb2 Kf8 30. f4 Ke7 31. Kf2 Nb8 32. Nd3 a5 33. g4 Kd7 34. g5 h5 35. h4 Kc6 36. Ke2 Be4 37. Kd2 Kd5 38. Kc3 Nc6 39. Nb2 b5 40. a4 b4+ 41. Kb3 Nxd4+ 42. Bxd4 Kxd4 43. f5 Bd5+ 44. Kc2 Kxe5 45. fxe6 Bxe6 46. Nd3+ Kd4 47. Nf4 Bf5+ 48. Kb3 Bg4 49. Kc2 Kc4 50. Kb2 Bd1 51. Ng2 Bxa4 52. Ne3+ Kd3 53. Nf5 g6 54. Nd6 Bd7 55. Nxf7 Bf5 56. Nd6 Be4 57. Nf7 a4 58. Ne5+ Kd4 59. Nd7 a3+ 60. Ka1 b3 0-1